Представление документа в формате RUSMARC

ПолеНазваниеЗначение
  Тип записи c
  Библиографический уровень m
001 Контрольный номер RU/УОНБ/EK_N/458145092
005 Дата корректировки 20240131005118.2
100 Данные общей обработки __
a Данные общей обработки 20140708d2014 u y0rusy0189||||ba
101 Язык документа 0_
a Язык текста ger
f Язык титульного листа ger
102 Страна публикации __
a Страна публикации DE
105 Кодированные данные (монография) __
a Кодированные данные (монография) y###||||000|y
200 Заглавие и сведения об ответственности 1_
a Заглавие Klavierwerke
b Общее обозначение материала [Ноты]
d Параллельное заглавие [Сочинения для фортепиано]
f Первые сведения об ответственности Brahms
f Первые сведения об ответственности Брамс
210 Выходные данные 1_
a Место издания New York
c Издательство C. F. Peters Corporation
215 Физическое описание __
d Формат 30 см
225 Серия 1_
a Серия Edition Peters
v Обозначение тома Nr. 3300a
512 Заглавие обложки 1_
a Заглавие обложки Klavierwerke
517 Другие варианты заглавия 1_
a Другие варианты заглавия [Сочинения для фортепиано]
600 Персоналии _1
a Персоналии (Фамилия) Брамс
686 Индексы других классификаций __
a Классификационный индекс 85
2 Код системы rubbk
700 Автор _1
a Фамилия Brahms
b Имя (инициалы) J.
801 Источник записи _0
a Страна RU
b Организация Ульяновская ОНБ
c Дата составления 20140708
g Правила каталогизации RCR
801 Источник записи _1
a Страна RU
b Организация Ульяновская ОНБ
c Дата составления 20140708
g Правила каталогизации RCR
901 Тип документа __
t Тип документа v
909 Создатель записи __
a Создатель записи Грязнова И. Е.
938 Служебная информация __
a Имя БД noti
b Имя библиотеки УОНБ
c Имя АИБС МАРК-SQL
d Номер DOC_ID в БД 12392